=LDR 00000nam 2200000 4500 =001 INLIS000000000010025 =005 20130612101750 =008 ***********************************Ind** =035 ##$$0010-061300000010025 =041 ##$$a Ind =082 ##$$a F Rom K =090 ##$$a F Rom K, Dul m =100 ##$$a Dulche, Yolanda Vargas =245 ##$$a Minim tukang cuci, Yolanda Vargas Dulche =260 ##$$a 1986 $b Jakarta =300 ##$$a 32 hlm, ilus, 21 cm =650 ##$$a Fiksi anak-anak =850 ##$$a NBPNMAT